Black Sabbath & Ozzy Osbourne Songs on the Billboard Hot 100 - Statistics

General Stats
  • This quiz has been taken 138 times
  • The average score is 4 of 8
Answer Stats
Highest Chart Position, Year Artist Answer % Correct
61, 1970 Black Sabbath Paranoid
96%
52, 1972 Black Sabbath Iron Man
76%
71, 1992 Ozzy Osbourne No More Tears
69%
28, 1992 Ozzy Osbourne Mama, I'm Coming Home
53%
8, 1989 Lita Ford (Duet with Ozzy Osbourne) Close My Eyes Forever
46%
68, 1986 Ozzy Osbourne Shot in the Dark
38%
8, 2019 Post Malone (Featuring Ozzy Osbourne & Travis Scott) Take What You Want
35%
61, 2007 Ozzy Osbourne I Don't Wanna Stop
21%
No matching quizzes found
Score Distribution
Percent of People with Each Score
Percentile by Number Answered
Your Score History
You have not taken this quiz